000 00681nam a2200205Ii 4500
003 JO-AjNU
008 230605s9999||||xx |||||||||||||| ||und||
017 _a1971/5793
040 _aJO-AjNU
_bara
_erda
_cJO-AjNU
041 _aara
050 1 4 _aK2300.A73.1971
100 3 _aنشأت، أحمد,
_eauthor
_946680
245 0 0 _aرسالة الأثبات
264 3 1 _aالقاهرة : دار الفكر العربي، 1971
300 _a782ص
336 _atext
_btxt
_2rdacontent
337 _aunmediated
_bn
_2rdamedia
338 _avolume
_bnc
_2rdacarrier
650 4 _aالإثبات (قانون) -- قانون الإجراءات المدنية والتجارية
_946681
999 _aA20326
_c23894
_d23894